Dodgers 2020 World Series Roster - Statistics

General Stats
  • This quiz has been taken 70 times
  • The average score is 16 of 28
Answer Stats
Hint Answer % Correct
C Will Smith
100%
1B Max Muncy
98%
C Austin Barnes
94%
P Clayton Kershaw
94%
OF Cody Bellinger
94%
UT Chris Taylor
90%
SS Corey Seager
90%
OF Mookie Betts
88%
3B Justin Turner
81%
2B Kiké Hernández
81%
DH Joc Pederson
69%
P Walker Buehler
69%
P Julio Urías
67%
P Dustin May
63%
P Kenley Jansen
56%
P Brusdar Graterol
54%
P Tony Gonsolin
48%
OF AJ Pollock
46%
P Blake Treinen
46%
3B Edwin Rios
40%
P Alex Wood
35%
P Joe Kelly
29%
P Pedro Baez
23%
P Victor González
21%
P Dylan Floro
17%
P Jake McGee
17%
P Adam Kolarek
10%
UT Matt Beaty
6%
No matching quizzes found
Score Distribution
Percent of People with Each Score
Percentile by Number Answered
Your Score History
You have not taken this quiz